[Event "Bogota Region-ch U12"]
[Site "Bogota"]
[Date "2015.02.07"]
[Round "1.6"]
[White "Cubillos, Juliana"]
[Black "Franco, Juan Manuel"]
[Result "0-1"]
[WhiteElo "1217"]
[BlackElo "1638"]
[PlyCount "34"]
[EventDate "2015.02.07"]
[EventType "swiss"]
[EventRounds "6"]
[EventCountry "COL"]
[SourceTitle "EXT 2024"]
[Source "ChessBase"]
[SourceDate "2023.10.10"]
[SourceVersion "1"]
[SourceVersionDate "2023.10.10"]
[SourceQuality "1"]

1. e4 c5 2. Nc3 d6 3. Bc4 e6 4. Qg4 Nf6 5. Qe2 Nc6 6. d3 Nd4 7. Qd2 Be7 8. Nf3 Nxf3+ 9. gxf3 d5 10. Bb5+ Bd7 11. Ba4 d4 12. Bxd7+ Qxd7 13. Ne2 Qc7 14. Qd1 h6 15. Bf4 e5 16. Bg3 Nh5 17. Bxe5 Qxe5 0-1

[Event "COL-ch U20"]
[Site "Bogota"]
[Date "2014.03.14"]
[Round "3"]
[White "Franco, Juan Manuel"]
[Black "Obando Guzman, Soren Federico"]
[Result "1/2-1/2"]
[WhiteElo "1610"]
[BlackElo "1767"]
[PlyCount "67"]
[EventDate "2014.03.13"]
[EventType "swiss"]
[EventRounds "7"]
[EventCountry "COL"]
[SourceTitle "CBM 159 Extra"]
[Source "ChessBase"]
[SourceDate "2014.04.24"]
[SourceVersion "1"]
[SourceVersionDate "2014.04.24"]
[SourceQuality "1"]

1. d4 Nf6 2. c4 e6 3. Nc3 Bb4 4. a3 Bxc3+ 5. bxc3 c5 6. Nf3 0-0 7. e3 Na6 8. Bd3 b6 9. 0-0 Bb7 10. Re1 d5 11. Ne5 Rc8 12. f3 Nd7 13. Nxd7 Qxd7 14. cxd5 exd5 15. Qc2 g6 16. Qb2 cxd4 17. cxd4 f5 18. Bd2 Qa4 19. Rec1 Rxc1+ 20. Rxc1 Rc8 21. Rxc8+ Bxc8 22. Qc2 Qd7 23. Qb3 Kg7 24. Qb5 Nc7 25. Qb3 b5 26. Kf2 a6 27. g3 Ne8 28. Bb4 Qc6 29. Qc3 Qxc3 30. Bxc3 Kf7 31. Bb4 Bd7 32. Ke2 Nf6 33. Kf2 Ke8 34. Ke2 1/2-1/2

[Event "COL-ch U14"]
[Site "Medellin"]
[Date "2013.04.30"]
[Round "5"]
[White "Walteros, Juan Diego"]
[Black "Franco, Juan Manuel"]
[Result "1/2-1/2"]
[WhiteElo "1488"]
[BlackElo "1512"]
[PlyCount "49"]
[EventDate "2013.04.26"]
[EventType "swiss"]
[EventRounds "7"]
[EventCountry "COL"]
[SourceTitle "EXT 2015"]
[Source "ChessBase"]
[SourceDate "2014.11.20"]
[SourceVersion "1"]
[SourceVersionDate "2014.11.20"]
[SourceQuality "1"]

1. e4 c5 2. Nf3 d6 3. d4 cxd4 4. Nxd4 Nf6 5. Nc3 a6 6. Be3 e6 7. Bd3 Nc6 8. 0-0 Be7 9. f4 0-0 10. f5 e5 11. Nxc6 bxc6 12. Kh1 Rb8 13. Rb1 d5 14. exd5 Nxd5 15. Nxd5 cxd5 16. c4 dxc4 17. Bxc4 Bb7 18. Qxd8 Rfxd8 19. Rfd1 Rxd1+ 20. Rxd1 Rd8 21. Rxd8+ Bxd8 22. Kg1 Kf8 23. g3 f6 24. Be6 Bc6 25. Kf2 1/2-1/2

[Event "Central Region-ch U14"]
[Site "Dosquebradas"]
[Date "2013.03.24"]
[Round "6.1"]
[White "Mejia Garcia, Michelle"]
[Black "Franco, Juan Manuel"]
[Result "1/2-1/2"]
[WhiteElo "1988"]
[BlackElo "1431"]
[PlyCount "31"]
[EventDate "2013.03.22"]
[EventType "swiss"]
[EventRounds "6"]
[EventCountry "COL"]
[SourceTitle "EXT 2024"]
[Source "ChessBase"]
[SourceDate "2023.10.10"]
[SourceVersion "1"]
[SourceVersionDate "2023.10.10"]
[SourceQuality "1"]

1. e4 c5 2. Nf3 d6 3. d4 cxd4 4. Nxd4 Nf6 5. Nc3 a6 6. Be2 e5 7. Nb3 Be6 8. Be3 Be7 9. g4 h6 10. Rg1 d5 11. exd5 Nxd5 12. Nxd5 Bxd5 13. Qd2 Nc6 14. 0-0-0 Bxb3 15. Qxd8+ Rxd8 16. axb3 1/2-1/2

[Event "Coliseo Menor op"]
[Site "Coliseo Menor"]
[Date "2011.11.29"]
[Round "1"]
[White "Franco, Juan Manuel"]
[Black "Toro Henao, Juan Sebastian"]
[Result "0-1"]
[WhiteElo "1287"]
[BlackElo "1819"]
[PlyCount "70"]
[EventDate "2011.11.29"]
[EventType "swiss"]
[EventRounds "7"]
[EventCountry "COL"]
[SourceTitle "CBM 145 Extra"]
[Source "ChessBase"]
[SourceDate "2012.01.03"]
[SourceVersion "1"]
[SourceVersionDate "2012.01.03"]
[SourceQuality "1"]

1. e4 c5 2. Nc3 Nc6 3. Nf3 Nf6 4. d4 cxd4 5. Nxd4 Qb6 6. Nxc6 bxc6 7. Be3 Qxb2 8. Bd4 Qb4 9. Bxf6 gxf6 10. Qd3 Ba6 11. Qxa6 Qxc3+ 12. Ke2 Qxa1 13. Qa4 Qe5 14. g3 f5 15. Bg2 fxe4 16. Qxe4 Qxe4+ 17. Bxe4 Rb8 18. Ra1 Bg7 19. Rc1 d5 20. Bd3 Rb2 21. a3 e5 22. f3 Ke7 23. Kd1 Rhb8 24. c3 Bh6 25. Ra1 Rd2+ 26. Ke1 Rxd3 27. Rd1 Rxd1+ 28. Kxd1 Rb2 29. Ke1 Kd6 30. Kd1 Kc5 31. Ke1 Kc4 32. Kf1 Kd3 33. Kg1 Ke3 34. Kf1 Kxf3 35. Ke1 Rb1# 0-1

[Event "East Region-ch U08"]
[Site "Medellin"]
[Date "2011.04.23"]
[Round "5.4"]
[White "Guauque, Juan Jose"]
[Black "Franco, Juan Manuel"]
[Result "0-1"]
[WhiteElo "1303"]
[BlackElo "1274"]
[PlyCount "35"]
[EventDate "2011.04.21"]
[EventType "swiss"]
[EventRounds "5"]
[EventCountry "COL"]
[SourceTitle "EXT 2024"]
[Source "ChessBase"]
[SourceDate "2023.10.10"]
[SourceVersion "1"]
[SourceVersionDate "2023.10.10"]
[SourceQuality "1"]

1. e4 e5 2. Nf3 Nc6 3. Bc4 h6 4. Nc3 Bc5 5. d3 d6 6. h3 Be6 7. Bxe6 fxe6 8. Qe2 Nf6 9. Be3 Bxe3 10. Qxe3 Qd7 11. 0-0 0-0-0 12. Nb5 Kb8 13. a4 a6 14. Nc3 Nb4 15. Rab1 Nc6 16. Rfd1 Rhe8 17. d4 Na7 18. b4 0-1